| 000 | 00671nam a2200217Ii 4500 | ||
|---|---|---|---|
| 003 | JO-AjNU | ||
| 008 | 230605s9999||||xx |||||||||||||| ||und|| | ||
| 017 | _a2002/112831 | ||
| 040 |
_aJO-AjNU _bara _erda _cJO-AjNU |
||
| 041 | _aara | ||
| 050 | 1 | 4 | _aPJ7876.I87.Z3 2003 |
| 100 | 3 |
_aقاسم، زياد, _eauthor _950501 |
|
| 245 | 0 | 0 | _aالزوبعة 5: رواية الجيل الثالث |
| 250 | _aط1 | ||
| 264 | 3 | 1 | _aعمان: أمانة عمان الكبرى، 2003 |
| 300 | _a389ص | ||
| 336 |
_atext _btxt _2rdacontent |
||
| 337 |
_aunmediated _bn _2rdamedia |
||
| 338 |
_avolume _bnc _2rdacarrier |
||
| 650 | 4 |
_aالأدب العربي - روايات _950502 |
|
| 999 |
_aA22250 _c25818 _d25818 |
||